| 000 | 00649nam a2200181Ia 4500 | ||
|---|---|---|---|
| 008 | 090630s9999 xx 000 0 und d | ||
| 082 | _b15889 | ||
| 100 | _aसाठे शंकर भाऊ. | ||
| 245 |
_aमाझा भाऊ अण्णाभाऊ. _cसाठे शंकर भाऊ. |
||
| 260 | _bविद्यार्थी. | ||
| 300 | _a200 | ||
| 600 | _aसाठे शंकर भाऊ. | ||
| 630 | _aमाझा भाऊ अण्णाभाऊ. | ||
| 655 | _aचरित्र. | ||
| 700 | _aसाठे शंकर भाऊ. | ||
| 730 | _aमाझा भाऊ अण्णाभाऊ. | ||
| 942 | _cBOOK | ||
| 999 |
_c267745 _d267745 |
||